| 000 | 00414nam a22001577a 4500 | ||
|---|---|---|---|
| 005 | 20170511124455.0 | ||
| 008 | 170511b xxu||||| |||| 00| 0 eng d | ||
| 040 | _cPK-LaUMT | ||
| 082 |
_aZIAC 297 _bQUT-H |
||
| 100 | _aQutab , Sayyed | ||
| 245 |
_aHaza du Din/ _cSayyed Qutab |
||
| 260 |
_aجدۃ: _bالاتحاد الاسلامی العالمی، _c1970 |
||
| 300 | _a96 ص | ||
| 546 | _aعربی | ||
| 942 | _cBK | ||
| 999 |
_c93418 _d93418 |
||